000 00615cam a2200193u 4500
082 _a512
_bBAR
_cL-1;P-12
100 1 _aBardell, Ross Harvey,
_939104
245 1 0 _aCollege algebra,
260 _aCambridge, Mass.,
_bAddison-Wesley Pub. Co.,
_c1953.
300 _a197 p.
_billus.
_c22 cm.
526 _a0
_b0
_c0
_d512_000000000000000_BAR
526 _a0
_b0
_c0
_d512_000000000000000_BAR
526 _a0
_b0
_c0
_d512_000000000000000_BAR
526 _a0
_b0
_c0
_d512_000000000000000_BAR
650 0 _aAlgebra.
_98509
650 0 _aMCE
_9379
700 1 _aSpitzbart, Abraham, [from old catalog]
_939105
942 _2ddc
_cBK
999 _c543655
_d543655